000 00376nam a2200169Ia 4500
001 9278
003 IN-NITTTR
005 20251114233046.0
008 251113s9999||||xx |||||||||||||| ||eng||
040 _beng
040 _cIN-NITTTR
041 _aeng
082 _a371.102 W921T
100 _aWragg, E. C.
245 0 _aTeaching teaching /
_cWragg, E. C.
942 _2ddc
_cBK
999 _c11915
_d11915